Normal view
MARC view
Entry Topical Term
001 - CONTROL NUMBER
- control field: 12526
003 - CONTROL NUMBER IDENTIFIER
- control field: BD-RjUL
005 - DATE AND TIME OF LATEST TRANSACTION
- control field: 20240325124510.0
008 - FIXED-LENGTH DATA ELEMENTS
- fixed length control field: 240325|| aca||aabn | a|a d
040 ## - CATALOGING SOURCE
- Original cataloging agency: BD-RjUL
- Transcribing agency: BD-RjUL
150 ## - HEADING--TOPICAL TERM
- Topical term or geographic name entry element: Physics
- Form subdivision: Quantum Mechanics
670 ## - SOURCE DATA FOUND
- Source citation: Work cat.: (BD-RjUL)83473: Choudhury, Mushfiq Ahmad 12525, Reciprocal Symmetry and its Implications in Relativistic and Quantum Mechanical Concepts /, 2008